000 00965nam2a22002411 4500
001 v19\rc\2014838
005 20260405071238.0
035 _a(NLR Aleph) 005096057
090 _a7345681
_c7345681
100 _a20080925d1902 |||y0rusy50 ca
101 0 _arus
102 _aRU
105 _ay z |||||
200 1 _aСобрание сочинений
210 _d1902
_aБ. м.
461 0 _1001v19\rc\2014834
_12001#$aПриложение к журн. "Родная речь" за...$v№ 9-10, 12-15
_97345643
_a"Родная речь", журнал (Москва)
_cМосква
_d1902-1910
_nА.А. Петрович
_tПриложение к журн. "Родная речь" за...
_v№ 9-10, 12-15
700 1 _8rus
_7ca
_aЗагоскин
_bМ. Н.
_f1789-1852
_gМихаил Николаевич
_3RU\NLR\AUTH\7717731
_9816
801 0 _aRU
_bNLR
_gpsbo
801 1 _aRU
_bProSoft-M
_2rusmarc
852 _aNLR
_j45/429
942 _cBOOK
980 _aNB